00392nam a2200157Ia 45000010006000000050017000060080041000230410008000640820020000721000033000922450077001252600009002023000007002116500008002186540008002261445820260306164915.0260306t2012||||xx |||||||||||||| ||spa|| aESP a515.1bE88 T. 3 aEspinoza Ramos, EduardoeAUT 0aAnálisis matemático III:bpara estudiantes de ciencia e ingeniería c2012 ac aGEN aCMA